|
|
|
|
| LEADER |
00917nam a2200265 a 4500 |
| 001 |
3947 |
| 003 |
BD-DhAAL |
| 005 |
20150524095450.0 |
| 008 |
150524s1989 nyua b 001 0 eng |
| 010 |
|
|
|a 88015512
|
| 020 |
|
|
|a 0471859788
|
| 040 |
|
|
|a DLC
|c DLC
|d DLC
|d BD-DhAAL
|
| 050 |
0 |
0 |
|a TK5101
|b .H373 1989
|
| 082 |
0 |
0 |
|a 621.38
|2 19
|
| 100 |
1 |
|
|a Haykin, Simon S.,
|d 1931-
|9 11340
|
| 245 |
1 |
3 |
|a An introduction to analog and digital communications /
|c Simon Haykin.
|
| 260 |
|
|
|a New York :
|b Wiley,
|c c1989.
|
| 300 |
|
|
|a xvi, 652 p. :
|b ill. ;
|c 26 cm.
|
| 500 |
|
|
|a Includes index.
|
| 504 |
|
|
|a Bibliography: p. 635-639.
|
| 541 |
|
|
|e 3947
|
| 650 |
|
0 |
|a Telecommunication systems.
|9 11341
|
| 942 |
|
|
|2 ddc
|c BK
|
| 999 |
|
|
|c 34498
|d 34498
|
| 952 |
|
|
|0 0
|1 0
|2 ddc
|4 0
|6 621_380000000000000_HAY
|7 0
|9 53847
|a SCL
|b SCL
|c GEN
|d 2015-05-24
|e Gift: The Asia Foundation
|l 3
|m 11
|o 621.38 HAY
|p 3020003947
|r 2025-09-10
|s 2025-09-09
|t 1
|w 2015-05-24
|y BK
|